[Event "Centelles op B"]
[Site "Centelles"]
[Date "1996.10.05"]
[Round "5"]
[White "Molet Portell, Ramon"]
[Black "Sanchez Amaya, Silvia"]
[Result "1-0"]
[WhiteElo "1740"]
[BlackElo "1885"]
[PlyCount "76"]
[EventDate "1996.09.07"]
[EventType "swiss"]
[EventRounds "8"]
[EventCountry "ESP"]
[SourceTitle "EXT 2003"]
[Source "ChessBase"]
[SourceDate "2002.11.25"]
[SourceVersion "1"]
[SourceVersionDate "2002.11.25"]
[SourceQuality "1"]

1. e4 e5 2. Nf3 Nc6 3. Bb5 a6 4. Ba4 Nf6 5. 0-0 Bc5 6. c3 0-0 7. Re1 d5 8. exd5 Qxd5 9. Bb3 Qd6 10. h3 e4 11. Ng5 Bxf2+ 12. Kxf2 Qf4+ 13. Nf3 exf3 14. Qxf3 Qxf3+ 15. Kxf3 Re8 16. Rxe8+ Nxe8 17. d4 Ne7 18. Nd2 b5 19. Kg3 Bb7 20. Nf3 Nf5+ 21. Kh2 Ned6 22. Bf4 Re8 23. Bxd6 Nxd6 24. Rf1 Re2 25. Re1 Rxb2 26. d5 f6 27. Nd4 Nc4 28. Re8+ Kf7 29. Rd8 Ke7 30. Rg8 Rxg2+ 31. Kxg2 Bxd5+ 32. Kf2 Bxg8 33. Nf5+ Kf8 34. Ke2 Be6 35. Nd4 Bxh3 36. Kd3 f5 37. Nc6 Bf1+ 38. Kc2 h5 1-0

[Event "Centelles op B"]
[Site "Centelles"]
[Date "1996.09.28"]
[Round "4"]
[White "Puig Estival, Joan"]
[Black "Sanchez Amaya, Silvia"]
[Result "0-1"]
[WhiteElo "1760"]
[BlackElo "1885"]
[PlyCount "48"]
[EventDate "1996.09.07"]
[EventType "swiss"]
[EventRounds "8"]
[EventCountry "ESP"]
[SourceTitle "EXT 2003"]
[Source "ChessBase"]
[SourceDate "2002.11.25"]
[SourceVersion "1"]
[SourceVersionDate "2002.11.25"]
[SourceQuality "1"]

1. e4 e5 2. Nf3 Nc6 3. Bb5 Nf6 4. d3 d6 5. Bc4 Be7 6. Nc3 Nd4 7. Ng5 0-0 8. Be3 c6 9. b4 d5 10. Bb3 Bxb4 11. Bd2 Qa5 12. 0-0 Bxc3 13. Bxc3 Qxc3 14. Rc1 Nxb3 15. cxb3 Qb4 16. h3 Rd8 17. Nf3 dxe4 18. Rc4 Qd6 19. Ne1 exd3 20. Nf3 Be6 21. Rh4 d2 22. Nxd2 Qxd2 23. Qb1 Rd4 24. g4 Qg5 0-1